000 00540nam a2200181 a 4500
005 20240913063801.0
008 991125s1987 mx 000 0 spa u
035 _aUPN01000013764
049 _aCG
050 4 _aHV9076
_bG3.3
100 1 _aGarrido Genovés, Vicente,
_d1958-
_932811
245 1 0 _aDelincuencia juvenil :
_borígenes, prevención y tratamiento /
_cV. Garrido Genovés.
260 _aMéxico :
_bAlhambra,
_c1987.
300 _a171 p.
440 0 _aSociología ;
_v34
650 4 _aDelincuencia juvenil
_99217
905 _aLibro
999 _c13764
_d13764